Shapes of Countries That Border France - Statistics

General Stats
  • This quiz has been taken 215 times
  • The average score is 9 of 10
Answer Stats
Country % Correct
Spain
98%
Italy
97%
Germany
94%
Switzerland
93%
Monaco
90%
Brazil
89%
Belgium
88%
Luxembourg
87%
Andorra
83%
Suriname
78%
No matching quizzes found
Score Distribution
Percent of People with Each Score
Percentile by Number Answered
Your Score History
You have not taken this quiz